Las Fuerzas hidráulicas de Cataluña : saltos de la Sociedad Productora de Fuerzas Motrices S.A. : saltos en explotación: Pobla de Segur, Congost, Cledes saltos de la Sociedad Productora de Fuerzas Motrices S.A. :
Descripción Física:
131 p. : fot. ; 31 cm
Otros Autores:
Sociedad Productora de Fuerzas Motrices
MARC
| LEADER | 00000nam a2200000Ia 4500 | ||
|---|---|---|---|
| 001 | 21720 | ||
| 008 | 160829s1923 xx 000 0 cat d | ||
| 080 | |a FOL-3-59 | ||
| 245 | |a Las Fuerzas hidráulicas de Cataluña : |b saltos de la Sociedad Productora de Fuerzas Motrices S.A. : |b saltos en explotación: |b Pobla de Segur, Congost, Cledes | ||
| 260 | |a Barcelona : |b Artes Gráficas S.A., |c 1923 | ||
| 300 | |a 131 p. : |b fot. ; |c 31 cm | ||
| 650 | |a Centrals hidroelèctriques |x Catalunya |9 45798 | ||
| 650 | |a Electricitat |x Producció |9 45799 | ||
| 650 | |a Electricitat |x Abastament |9 45800 | ||
| 700 | |a Sociedad Productora de Fuerzas Motrices |9 45801 | ||
| 901 | |a Arxiu | ||
| 942 | |n 1 | ||
| 952 | |0 0 |1 0 |4 0 |6 FOL359 |7 1 |9 52810 |a Arxiu |b Arxiu |d 2016-12-01 |l 0 |o FOL-3-59 |p 21720 |r 2016-12-01 00:00:00 |w 2016-12-01 |y ARXIU | ||
| 999 | |c 56659 |d 56659 | ||